The Penguin car handbook / (Record no. 8829)
[ view plain ]
| 000 -LEADER | |
|---|---|
| fixed length control field | 00748nam a2200265 4500 |
| 001 - CONTROL NUMBER | |
| JCCL Control Number | 8829 |
| 003 - CONTROL NUMBER IDENTIFIER | |
| JCCL marc code | BD-JhCC |
| 005 - DATE AND TIME OF LATEST TRANSACTION | |
| control field | 20180712120755.0 |
| 008 - FIXED-LENGTH DATA ELEMENTS--GENERAL INFORMATION | |
| fixed length control field | 680301r1967 enkaf 000 0 eng |
| 035 ## - SYSTEM CONTROL NUMBER | |
| system control number | (BD-JhCC)8829 |
| 040 ## - CATALOGING SOURCE | |
| Original cataloging agency | DLC |
| Transcribing agency | DLC |
| Modifying agency | DLC |
| -- | BD-JhCC |
| 041 ## - LANGUAGE CODE | |
| Language code of Book | eng |
| 050 00 - LIBRARY OF CONGRESS CALL NUMBER | |
| Classification number | TL151 |
| Item number | .I7 1967 |
| 082 00 - DEWEY DECIMAL CLASSIFICATION NUMBER | |
| Classification number | 629.22/22 |
| Author mark and Year | IRE 1967 |
| 100 1# - MAIN ENTRY--PERSONAL NAME | |
| Personal name | Ireson, Robert, |
| Dates associated with a name | 1929- |
| 245 14 - TITLE STATEMENT | |
| Title | The Penguin car handbook / |
| Statement of responsibility, etc | Robert Ireson, |
| 250 ## - EDITION STATEMENT | |
| Edition statement | 1st ed. reprinted with revisions. |
| 260 ## - PUBLICATION, DISTRIBUTION, ETC. (IMPRINT) | |
| Place of publication, distribution, etc | Harmondsworth, |
| Name of publisher, distributor, etc | Penguin, |
| Date of publication, distribution, etc | 1967. |
| 300 ## - PHYSICAL DESCRIPTION | |
| Pagination | 379 p. |
| Other physical details | illus., 8 plates, diagrs. |
| Dimensions | 18 1/2 cm. |
| 350 ## - PRICE (NR) (BK AM CF MU VM SE) [OBSOLETE] | |
| Price | 8/6 |
| 490 0# - SERIES STATEMENT | |
| Series statement | Penguin handbooks, PH55 |
| 650 #0 - SUBJECT ADDED ENTRY--TOPICAL TERM | |
| Topical term or geographic name as entry element | Automobiles |
| General subdivision | Handbooks, manuals, etc. |
| 942 ## - ADDED ENTRY ELEMENTS (KOHA) | |
| Source of classification or shelving scheme | Dewey Decimal Classification |
| Koha item type | Books |
| Source of classification or shelving scheme | Damaged status | Not for loan | Home library | Current library | Shelving location | Total Checkouts | Full call number | Barcode | Date last seen | Copy number | Koha item type |
|---|---|---|---|---|---|---|---|---|---|---|---|
| Dewey Decimal Classification | JCC Rouf Library | JCC Rouf Library | General Stacks | 629.22/22 IRE 1967 | 11100 | 03/04/2018 | C - 1 | Books |